[Event "Isle of Lewis"]
[Site "Isle of Lewis"]
[Date "1995.??.??"]
[Round "4"]
[White "Short, Nigel D"]
[Black "Polgar, Judit"]
[Result "0-1"]
[WhiteElo "2655"]
[BlackElo "2630"]
[Annotator "Blatny,P"]
[PlyCount "104"]
[EventDate "1995.??.??"]
[EventType "tourn"]
[EventRounds "6"]
[EventCountry "SCO"]
[EventCategory "14"]
[SourceTitle "CBM 049"]
[Source "ChessBase"]
[SourceDate "1995.12.01"]
[SourceVersion "1"]
[SourceVersionDate "1995.12.01"]
[SourceQuality "1"]

1. e4 c5 2. c3 d5 3. exd5 Qxd5 4. d4 (4. Nf3 Nf6 (4... e5 $5) 5. d4 Bg4) 4...
Nc6 $6 (4... Nf6 $5) (4... e5 $5) 5. Nf3 Bg4 6. Be2 e6 (6... O-O-O $5 7. O-O (
7. Be3 e5 {><d4} 8. dxc5 (8. c4 Qd7 9. dxc5 (9. d5 Bxf3 10. Bxf3 Nd4 11. Nc3 f5
$132) 9... Nd4 10. Nxe5 Bxe2 11. Qxe2 Qf5 12. Bxd4 Rxd4 13. Nc3 Bxc5 14. O-O
Nf6 15. Nf3 Rf4 $44 {Klinger-Corbin, Dubai olm 1986}) 8... Qxd1+ 9. Bxd1 f5 10.
h3 Bxf3 11. Bxf3 f4 12. Bc1 Bxc5 13. Nd2 Nf6 14. Ne4 Nxe4 15. Bxe4 Ne7 (15...
Rd6 16. Ke2 Ne7 17. a4 Nd5 18. Rd1 $14 {Lematschko-Kiss,A, Zurich op 1988}) 16.
Ke2 $10 {Barlov-Krnic, V. Banja 1983}) 7... Nf6 8. Be3 cxd4 9. cxd4 Qa5 10.
Nbd2 $1 Bxf3 11. Bxf3 Nxd4 12. Bxd4 Rxd4 13. Rc1+ $36 Kb8 14. Qc2 Qd8 15. Nb3
Rd6 16. Nc5 Nd5 17. Qb3 b6 18. Na6+ Kb7 19. Rc7+ $1 Ka8 20. Bxd5+ Rxd5 21. Rc8+
Qxc8 22. Qxd5+ Qb7 {Kotliar-Beckman/World Open(10)/1989/1-0 (23)}) 7. h3 Bh5 8.
c4 Qd6 (8... Qd7 9. g4 Bg6 10. d5 exd5 11. cxd5 Nb4 12. Ne5 Qxd5 13. Bb5+ Kd8
14. O-O Kc7 15. Nc3 Qxd1 16. Rxd1 a6 17. Bf4 $1 Kb6 18. Bc4 Nf6 19. a3 Nc6 20.
Na4+ Ka7 21. Nxc6+ bxc6 22. g5 Nd5 23. Bxd5 cxd5 24. Rxd5 Kb7 25. Rd7+ {
Adamski,A-Schneider,L._A/Wroclaw 31/194/1981/1-0 (43)}) (8... Qd8 9. d5 $1 exd5
10. g4 Bg6 11. cxd5 Qa5+ 12. Nbd2 Nd4 13. Nxd4 cxd4 14. O-O $36 d3 15. Bf3 Qa6
16. Re1+ Be7 17. d6 $1 Qxd6 18. Nc4 Qd7 19. Ne5 Qb5 20. a4 Qa6 21. b4 Rd8 22.
b5 Qd6 23. Ba3 Qd4 24. Qd2 Kf8 25. Bb2 {Dorfman-Lukin /URS-ch otbor/1975/1-0 
(33)}) 9. g4 (9. d5 Bxf3 $8 10. Bxf3 Nd4 11. O-O (11. Qa4+ b5 $1) 11... e5 $5 (
11... Nf6 12. dxe6 fxe6 13. Bxb7 Rb8 14. Bf3 Be7 15. Nc3 $14 O-O 16. Rb1 (16.
Re1) 16... Nd7 $6 17. Be4 Ne5 18. f4 Nxc4 19. Qd3 Nb6 20. Bxh7+ Kh8 21. Bg6 Nf5
22. Qf3 Qd4+ 23. Kh2 Nd5 24. Rd1 Qf6 25. Qh5+ {Dutschak,H-Winkler,A/
WÜRT-MM8990/1990/1-0 (60)}) 12. Nc3 $5 (12. Re1 O-O-O $8 13. b4 $1 cxb4 $1 14.
Be3 Qb6 15. Nd2 Bc5 16. Nb3 Nf6 $1 17. Rb1 Nxb3 18. Rxb3 Nd7 19. Bg4 Kb8 $6 (
19... Kc7 $5) 20. Bxd7 $1 Rxd7 21. Qg4 Bxe3 22. Rexe3 Rhd8 23. Qxg7 f6 24. Qg4
$14 {Khmelnitsky,I-Dlugy,M/New York op/1992/0-1 (51)} (24. Qg4 Qc5 25. a3 bxa3
26. Rxa3 Rc7 27. Ra4 Qd4 28. Re4 Qd3 29. Ra1 h5 30. Qh4 Rd6 31. Rae1 a5 32. Kh2
Ka7 33. R1e3 Qd2 34. Ra3 Ra6 35. Qg3 a4 36. f4 h4 37. Qf3 Rg7 38. fxe5 Rg3 39.
exf6 Rxf6 40. Rxa4+ {Khmelnitsky,I-Dlugy,M/New York op (09) ;TD 92\05 1992/0-1
(51)})) 12... O-O-O 13. Be3 f5 14. b4 $1 cxb4 $6 15. Bxd4 bxc3 {Vlassov-Landa,
Polanica Zdroj op 1993} 16. c5 Qc7 17. d6 Bxd6 18. Rb1 $1 exd4 19. cxd6 Rxd6
20. Rxb7 Qc4 21. Rxa7 $18) 9... Bg6 10. d5 Nb4 (10... exd5 {Blatny,P} 11. cxd5
Nb4 12. Qa4+ Kd8 13. Na3 $36) (10... Nb8 11. Nc3 a6 12. Qb3 Nd7 13. Qxb7 Rb8
14. Qc6 Qxc6 15. dxc6 Nb6 16. Ne5 f6 17. Nxg6 hxg6 18. Be3 Ne7 19. Bxc5 Nxc6
20. Bxf8 Kxf8 21. O-O-O Ke7 22. f4 a5 23. b3 Nb4 24. Kb2 Na6 25. Nb5 {Blauert,
J-Gauglitz,G/BL2-N 9192 (1992) ;BL2 1992/1-0 (48)}) 11. O-O (11. Qa4+ Qd7 12.
Qxd7+ Kxd7 13. dxe6+ Kxe6 14. Na3 Re8 15. O-O f6 16. Be3 b6 17. Rfd1 Ne7 18.
Nb5 Rb8 19. Bf4 Rb7 20. Nc7+ Kf7 21. Rd7 Be4 22. a3 Nc2 23. Rc1 h5 24. Nd2 Bh7
25. Bf3 Nd4 26. Bxb7 Ne2+ 27. Kf1 Nxc1 28. Bd5+ Kg6 29. Nf3 hxg4 30. hxg4 Bg8
31. Bxg8 Nxg8 32. Bxc1 Rh1+ 33. Ng1 {1-0 Naumann,A-Agopov,M/WchJM-U14 Duisburg
(09) ;TD 92\06 1992}) 11... exd5 $1 (11... f6 $6 12. Nc3 Nc2 (12... exd5 13.
cxd5 O-O-O 14. Bc4 Nc2 15. Nb5 Qb8 16. Rb1 Nd4 17. Nfxd4 Bxb1 18. Ne6 Bg6 19.
Bf4 Qa8 20. Nbc7 Qb8 21. Nxd8 $18) 13. Nb5 Qb6 (13... Qb8 14. Rb1 $16) 14. Bf4
(14. dxe6 Rd8 $17) 14... e5 (14... Rc8 15. Rc1) 15. Nxe5 $1 $18 fxe5 (15...
Nxa1 16. Nxg6 hxg6 17. Nc7+) 16. Bxe5 O-O-O (16... Nxa1 17. Nc7+ Kf7 18. Nxa8
Qd8 19. f4 $1 $40) 17. g5 $5 h5 (17... Ne7 18. Bg4+ Rd7 19. Rc1) (17... Bf5 18.
Bg4 $1 Bxg4 19. Qxg4+ Rd7 20. Qf5 $1 $18) 18. Rc1 Nb4 19. Bc7 Qxb5 (19... Qa6
20. Bxd8 $18) 20. cxb5 Kxc7 21. Bc4 Ne7 22. Qf3 Nc2 23. Rfd1 Nd4 24. Rxd4 cxd4
25. Qf4+ Kd7 (25... Rd6 26. b6+ axb6 27. Bb5+ $18) 26. b6 {1-0 Nunn,J-Sher,M/
Vejle ;CBM 40 1994}) (11... Nc2 12. Nc3 $1 (12. Na3 Nxa1 13. Be3 exd5 14. cxd5
Nf6 15. Qa4+ Kd8 16. Nc4 Qc7 17. Rxa1 $44) 12... Nxa1 13. Nb5 Qb8 14. Qa4 Bc2
15. b3 Kd8 $1 16. dxe6 $1 {><d7} Nxb3 (16... a6 17. Bg5+ f6 18. Na3 Qd6 19.
Rxa1 Qxe6 (19... fxg5 20. Nxc2 Qxe6 21. Nxg5 Qe7 (21... Qxe2 22. Re1) 22. Ne3
$1 Qxg5 23. Rd1+ Kc7 24. Rd7+ Kc8 25. Rxb7 $3 $18) 20. Nxc2 (20. Re1 $5) 20...
Qxe2 21. Qa5+ Kd7 22. Qc3 $5 {/\ Re1} Qe6 23. Rd1+ $44) 17. axb3 fxe6 18. Na3
$16) 12. cxd5 O-O-O $1 13. Nc3 Nf6 $1 $146 (13... Nc2 $2 14. Nb5 Qxd5 15. Bf4
b6 16. Nc7 Qxd1 17. Ba6+ $18) (13... Nxd5 {! Nunn} 14. Nxd5 Qxd5 15. Qxd5 Rxd5
16. Bc4 Rd8 17. Ne5 f6 18. Nxg6 $1 hxg6 19. Bf4 Bd6 20. Bxd6 Rxd6 21. Rfe1 Rd8
22. Kg2 $14 {Nunn}) 14. Qa4 $6 a6 15. a3 Bc2 $1 $17 16. b3 Nbxd5 17. Nxd5 Qxd5
18. Bf4 Qxb3 19. Qa5 Nd5 20. Be5 f6 21. Bg3 Qc3 22. Qxc3 Nxc3 $19 23. Bc4 Ba4
24. Rfe1 b5 25. Rac1 Nd1 26. Be2 Nb2 27. Rc3 c4 28. Rb1 Nd3 29. Nd2 Nc5 30.
Nxc4 bxc4 31. Rb6 Rd2 32. Bxc4 Kd7 33. Bxa6 Rd1+ 34. Kh2 Be7 35. Be2 Rd2 36.
Bf3 Rc8 37. Bb7 Rd8 38. Rc4 Ke8 39. Rxa4 Nxa4 40. Bc6+ Kf8 41. Bxa4 Bc5 42. Rb3
Bxf2 43. Bxf2 Rxf2+ 44. Kg3 Rc2 45. Rf3 Rc5 46. h4 Rdc8 47. h5 Rc3 48. Bd7
Rxf3+ 49. Kxf3 Rc3+ 50. Ke4 Rxa3 51. Bf5 Ra4+ 52. Kf3 h6 0-1

[Event "Buenos Aires Najdorf"]
[Site "Buenos Aires"]
[Date "1991.??.??"]
[Round "3"]
[White "Tal, Mihail"]
[Black "Ricardi, Pablo"]
[Result "1/2-1/2"]
[WhiteElo "2565"]
[BlackElo "2435"]
[Annotator "Blatny,P"]
[PlyCount "61"]
[EventDate "1991.04.??"]
[EventType "tourn"]
[EventRounds "13"]
[EventCountry "ARG"]
[EventCategory "11"]
[SourceTitle "CBM 024"]
[Source "ChessBase"]
[SourceDate "1991.10.01"]
[SourceVersion "1"]
[SourceVersionDate "1991.10.01"]
[SourceQuality "1"]

1. e4 c5 2. c3 d5 3. exd5 Qxd5 4. d4 Nf6 5. Nf3 Nc6 6. Be2 cxd4 (6... e6 7. O-O
(7. Na3 Qd8 8. Nc2 b6 9. Bb5 Bd7 10. Qe2 cxd4 11. Ncxd4 Nxd4 12. Nxd4 Bc5 $10 {
Sveshnikov-Dorfman, USSR 1979}) 7... Be7 8. dxc5 Qxc5 9. Be3 Qf5 10. Bd3 Qh5
11. Be2 Qf5 12. Nd4 Nxd4 13. Bxd4 O-O {/\Rd8 =}) 7. cxd4 e6 8. O-O Be7 9. Nc3
Qd8 (9... Qa5 10. Bb5 O-O 11. Ne5 Nb4 12. Qe2 a6 13. Bc4 Qd8 14. a3 Nbd5 15.
Rd1 $14) (9... Qd6 10. Nb5 Qd8 11. Bf4 Nd5 12. Bg3 O-O 13. Bc4 a6 14. Bxd5 axb5
15. Bb3 Bd6 16. Be5 $14 {Boey-Barlov, Liege 1981}) 10. Bf4 (10. Bg5 O-O 11. Qd2
b6 12. Rfd1 Nb4 13. Ne5 Bb7 14. Rac1 Nfd5 15. Bxe7 Nxe7 $10 {
Bjelajac-Gheorghiu, Novi Sad 1982}) 10... O-O 11. Rc1 Nb4 (11... b6 12. Nb5 Nd5
13. Bg3 Bb7 14. Ne5 {Handoko-Timman, Indonesia 1983 --> ChessBase: Blatny:
Sicilian 2.c3 diskette}) 12. Be5 Bd7 13. a3 Nbd5 14. Nxd5 Nxd5 15. Bd3 Bc6 16.
Qc2 g6 17. Qd2 Re8 18. Rfe1 Nf6 19. Qf4 Nh5 {/\Nh5-g7-f5xd4} 20. Qe3 Rc8 21. h3
Bf8 22. Bh2 Ng7 23. Ne5 Nf5 24. Nxc6 Rxc6 25. Bxf5 exf5 26. Qd2 Rxc1 27. Rxc1
Qd5 28. Bf4 Bg7 29. Be3 f4 $1 30. Bxf4 Qxd4 $10 31. Qxd4 1/2-1/2

[Event "Altensteig"]
[Site "Altensteig"]
[Date "1991.??.??"]
[Round "8"]
[White "Schmittdiel, Eckhard"]
[Black "Lutz, Christopher"]
[Result "1-0"]
[WhiteElo "2490"]
[BlackElo "2545"]
[Annotator "Blatny,P"]
[PlyCount "73"]
[EventDate "1991.07.??"]
[EventType "tourn"]
[EventRounds "11"]
[EventCountry "GER"]
[EventCategory "11"]
[SourceTitle "CBM 025"]
[Source "ChessBase"]
[SourceDate "1991.12.01"]
[SourceVersion "1"]
[SourceVersionDate "1991.12.01"]
[SourceQuality "1"]

1. e4 c5 2. c3 e5 3. Nf3 Nc6 4. Bc4 Qc7 5. d3 (5. d4 {--> ChessBase: 2.c3
Sicilian}) 5... Nf6 6. Bg5 Be7 7. Bxf6 {/\><d5} Bxf6 8. Nbd2 {/\Nf1-e3-d5 +/=}
Rb8 9. a4 d6 10. Nf1 Be6 11. Ne3 O-O 12. h4 $5 {->>>} Qd8 13. g4 a6 14. g5 Be7
15. Nh2 b5 16. axb5 axb5 17. Bd5 Qd7 18. Nhg4 Bd8 19. Qf3 Ne7 20. Nf6+ $1 gxf6
21. gxf6 Kh8 (21... Ng6 22. h5 $40 Nf4 $2 23. Qg3+ Bg4 24. Nxg4 Kh8 25. Nxe5
$18) 22. fxe7 Bxe7 23. Ke2 c4 24. Nf5 Bxd5 25. exd5 Bf6 26. Ra6 cxd3+ 27. Kxd3
e4+ 28. Qxe4 Rbe8 29. Rxd6 Qa7 (29... Qc8 $142 30. Qf3 (30. Qg4 $6 Rg8 31. Qh5
Qc4+ (31... Be5 $4 32. Qxh7+ $1 Kxh7 33. Rh6#) 32. Kd2 Bxc3+ 33. bxc3 Qa2+ 34.
Kd3 Qc4+ $10) 30... Qc4+ 31. Kd2 Be5 32. Rc6 Qb3 {/\Qxb2,b4<=>} (32... Bf4+ $2
33. Ne3 $18)) 30. Qf3 Be5 31. Re1 $1 b4 (31... Bxd6 32. Rxe8 Rxe8 33. Nxd6 {
/\34.Qf6+,35.Nf5+-}) 32. Rc6 bxc3 33. bxc3 Qa4 34. Nd6 $18 Bxc3 35. Nxf7+ Kg8
36. Rg1+ Bg7 37. Rxg7+ 1-0

[Event "Lazne Bohdanec"]
[Site "Lazne Bohdanec"]
[Date "1996.??.??"]
[Round "6"]
[White "Keitlinghaus, Ludger"]
[Black "Movsesian, Sergei"]
[Result "0-1"]
[WhiteElo "2475"]
[BlackElo "2580"]
[Annotator "Blatny,P"]
[PlyCount "60"]
[EventDate "1996.01.??"]
[EventType "tourn"]
[EventRounds "11"]
[EventCountry "CZE"]
[EventCategory "10"]
[SourceTitle "CBM 051"]
[Source "ChessBase"]
[SourceDate "1996.04.01"]
[SourceVersion "1"]
[SourceVersionDate "1996.04.01"]
[SourceQuality "1"]

1. e4 c5 2. c3 Qa5 {Opening overview !!!} 3. Nf3 (3. g3 $5 Nf6 4. Bg2 e6 5. Ne2
Nc6 6. O-O d5 7. exd5 Nxd5 8. d4 Be7 9. c4 Nf6 10. d5 Ne5 11. Nf4 Nxc4 12. dxe6
$14 {Hresc,V-Fernandez Aguado,E/Finkenstein op (08)/1993/}) (3. Na3 Nf6 4. Nc4
Qc7 5. e5 Nd5 6. d4 e6 7. Nf3 cxd4 8. Qxd4 Nc6 9. Qg4 $14 b5 $2 (9... f5 $142)
10. Nd6+ Bxd6 11. exd6 Qxd6 12. Qxg7 Qf8 13. Qxf8+ Kxf8 14. Bxb5 $18 {_|_
Rahls,P-Schoenfeld,D/BL2-N 9091/1991/}) (3. d4 cxd4 4. Nf3 $5 e6 (4... dxc3 5.
Nxc3 Nf6 6. Bd3 $44) 5. Bc4 Nc6 6. O-O dxc3 7. Nxc3 a6 8. Qe2 Nge7 9. Rd1 $44 {
Ramlow,M-Klingelhoefer,S/Hessen qual-A (11)/1989/}) 3... Nc6 (3... a6 4. Be2 d6
5. O-O Nf6 6. e5 (6. d3 $14) 6... dxe5 7. Nxe5 Nbd7 8. f4 e6 9. d4 cxd4 10.
cxd4 Be7 11. Nc3 O-O 12. Kh1 Nb6 13. Bd3 Nbd5 $15 {Gruenberg,Re-Wohlers,R/
Dortmund WA/1988/}) (3... d6 4. Na3 (4. Be2 Nd7 5. O-O Ngf6 6. Qc2 b5 7. d4 Bb7
8. e5 $14 {Schulze,A-Fischer,T/OLWuert 9293/1992/}) (4. Bc4 e6 5. O-O b5 6. Bb3
c4 7. Bc2 Bb7 8. Qe2 Nd7 9. b3 Be7 $6 (9... cxb3) 10. a4 $36 {Wempe,J-Juhnke,P/
Giessen op (07)/1993/}) 4... Nf6 5. e5 dxe5 6. Nc4 Qc7 7. Ncxe5 e6 8. d4 cxd4
9. Qxd4 (9. cxd4 Bb4+ 10. Bd2 Qa5 11. Bd3 Bd7 12. O-O Bxd2 13. Nxd2 Bc6 $15 {
Jeras,S-Gostisa,L/Ljubljana op (04)/1992/}) 9... Bc5 10. Qh4 Nbd7 11. Bf4 Qb6
12. Nc4 Qc6 13. Bd3 Be7 14. Bg5 Nc5 15. Bc2 Qa6 16. O-O $14 {Ivanov,V-Odeev,H/
Moscow6/1991/}) 4. Bc4 (4. d4 cxd4 5. b4 Qc7 6. b5 Ne5 7. Nxe5 Qxe5 8. Qxd4 Qc7
(8... Qxd4 9. cxd4 d6 10. Be3 Nf6 11. f3 $14 {Hauchard,A-San Marco,B/FRA-chT/
1989/}) 9. e5 b6 10. Bd3 Bb7 11. O-O h5 12. Ba3 Nh6 13. h3 Rg8 14. Nd2 g6 $13 {
Kopp,P-Gerber,P/OLO-B 9293/1992/}) (4. Be2 Nf6 (4... d6 5. d3 g6 6. O-O Nf6 7.
Nbd2 Bg7 $10 {Jahn,C-Madl,I/Subotica iztW (10)/1991/}) 5. Qc2 d6 6. O-O Bg4 7.
d3 g6 8. Nbd2 Bg7 9. Nc4 Qc7 10. Ne3 Be6 11. a3 O-O 12. b4 cxb4 13. axb4 Ng4
14. Qb2 Nxe3 15. Bxe3 $13 {Kreutzkamp,R-Roeschlau,B/BL2-W 9293/1992/}) (4. Na3
e6 (4... d6 5. Nc4 Qd8 6. d4 $14) 5. Nc4 Qc7 6. d4 cxd4 7. cxd4 d5 (7... Nf6 8.
e5 Nd5 9. Be2 Be7 10. O-O O-O 11. Bd2 f6 12. Rc1 Qb8 13. Re1 a5 14. Bd3 $14 {
Karassek,J-Frohss,R/OLO-A 9293/1993/}) 8. exd5 exd5 9. Ne3 Nf6 10. Bd3 Bd6 11.
O-O O-O 12. Bd2 $10 {Hoffmann,He-Voekler,B/GER-CupT 9091/1990/}) (4. Bd3 g6 (
4... d6 5. h3 g6 6. O-O Bg7 7. Bc2 Nf6 8. d3 O-O 9. Be3 e5 10. Nbd2 $14 {
Kerkhof,P-Moulin,P/Brussels OHRA-B/1986/}) 5. O-O Bg7 6. Bc2 e5 7. d3 Nge7 8.
Na3 d6 9. Nc4 Qc7 10. a4 $14 {Lanc,A-Danner,G/Prague Bohemians-A/1989/}) (4. d3
e5 (4... d6 5. g3 g6 6. Bg2 Bg7 7. O-O Nf6 8. h3 O-O 9. Be3 Rb8 10. Qd2 c4 $132
{Trabert,B-Derichs,R/OLHessen 9192/1991/}) 5. Be2 Nf6 6. Bg5 Be7 7. Nbd2 d6 8.
a3 Qc7 9. b4 $14 {Hickl,J-Voekler,B/GER-ch (01)/1993/}) 4... d6 (4... b5 5. Bb3
c4 6. Bc2 b4 $6 7. Ba4 Nf6 (7... Bb7) 8. Bxc6 dxc6 9. O-O $5 bxc3 10. dxc3 Bg4
11. Nbd2 Qh5 12. Qa4 Qb5 13. Qxc4 Qxc4 14. Nxc4 Nxe4 15. Nfe5 Be6 16. Na5 $14 {
Schaffner,U-Frank,A/Bern op (02)/1991/}) (4... g6 5. O-O b5 6. Bd5 Nf6 7. Bxc6
$6 dxc6 8. d3 Bg7 9. Be3 c4 $36 {Medvegy,N-Madl,I/HUN-chW/1991/}) 5. O-O Nf6 6.
Re1 (6. d3 Bg4 7. Qb3 Nd8 8. e5 Nd7 9. exd6 e6 $1 $13 {Rabiega-Movsesian/2.BL
9596/1996/}) 6... b5 (6... e5 7. Ng5 (7. h3 Be7 8. Na3 O-O 9. Nc2 b5 10. Bf1 a6
11. d4 h6 12. a4 bxa4 13. Ne3 (13. d5 $1 $14) 13... exd4 14. Nc4 Qc7 15. cxd4
cxd4 16. Nxd4 Ne5 $13 {Danek,L-Voekler,B/Brno Morava-D (04)/1991/}) 7... Nd8 8.
Qb3 Qc7 9. d4 h6 10. Nf3 a6 11. dxe5 dxe5 12. a4 Be7 13. Nbd2 O-O 14. h3 Rb8
15. a5 Ne6 $10 {Ebeling,J-Voekler,B/Baden Baden op (04)/1991/}) 7. Bd5 (7. Bb3
c4 8. Bc2 $10) 7... Bd7 (7... Nxd5 8. exd5 Nd8 9. d4 $14) 8. b4 $5 (8. d4 e6 9.
Bxc6 Bxc6 10. d5 (10. e5 dxe5 11. Nxe5 Bb7 $10) 10... Bb7 $13) 8... cxb4 (8...
Qb6 9. bxc5 dxc5 10. a4 $36) 9. cxb4 Qb6 (9... Qxb4 10. d4 Qa5 11. Bd2 Qb6 12.
Nc3 $44) 10. a4 $6 (10. Nc3 $142 Rc8 $10) 10... Nxd5 11. exd5 Nxb4 12. Nc3 g6 (
12... bxa4) 13. a5 Qd8 14. d4 (14. Ne4 Bg7 $1 15. Nxd6+ Kf8 16. Nxf7 Kxf7 17.
Ng5+ Kg8 18. Qf3 Qf8 $19) 14... Qc7 $6 (14... Bg7 15. Ba3 Na6 (15... Qxa5 16.
Qb3 $16) 16. Bxd6 $40) (14... Bf5 $142 15. Re2 a6 16. Bg5 Rc8 $17) 15. Qd2 (15.
Bd2 Nd3 16. Re3 Nb2 17. Qb3 Nc4 18. Nxb5 Qb7 19. Qxc4 Bxb5 $15) 15... Bg7 16.
Nxb5 (16. Ba3 Na6) 16... Bxb5 17. Qxb4 Rb8 (17... Bc4 $2 18. Bg5 {/\Rc1+-}) 18.
Bg5 f6 $8 19. Rac1 Qd7 (19... Qb7 $2 20. Qxd6 fxg5 (20... O-O 21. Rxe7 Qa6 22.
Rcc7 Rf7 23. Qxa6 Bxa6 24. Rxf7 Rb1+ 25. Bc1 Rxc1+ 26. Rxc1 Kxf7 27. Rc7+ Kg8
28. Rxa7 $18) 21. Rxe7+ Qxe7 22. Qxb8+ Kf7 23. Qxb5 $18) 20. Bf4 Kf7 $17 {
^^,><a5,d5,d4 _|_} (20... O-O) 21. Re6 Rhc8 (21... Bc6 22. Qc4 (22. Qd2 Bxd5
23. Re3 $17) 22... Bxd5 23. Rxe7+ Kxe7 24. Qxd5 $132 {עe7}) 22. Rce1 Bf8 23.
Qb1 (23. Rb1 Bc4 24. Qxb8 Rxb8 25. Rxb8 Bxd5 26. Re3 Qg4 27. Bg3 Bxf3 $19) (23.
Qd2 Bc4 24. R6e3 Bxd5 $19) 23... Bc4 24. Qe4 Rb5 $19 25. Bxd6 (25. Qe3 Bxd5 26.
Re4 Rxa5 $19) 25... exd6 26. Qf4 (26. Qh4 Kg8 $19) 26... Kg8 (26... Bg7 $2 27.
Rxd6 $17) (26... Bxd5 27. Qxf6+ Kg8 28. R6e3 Bg7 29. Qf4 Rf8 $19) 27. Rxf6 Bxd5
28. Ng5 Re8 (28... Be7 29. Nxh7 (29. Rf7 Bxg5 30. Rxd7 Bxf4 $19) 29... Kxh7 30.
Rf7+ Kg8 $19) 29. Rc1 Be7 30. Nxh7 Kxh7 0-1

[Event "NED-ch46"]
[Site "Eindhoven"]
[Date "1991.06.14"]
[Round "4"]
[White "Van Mil, Johan"]
[Black "Hoeksema, Hendrik Pieter"]
[Result "1/2-1/2"]
[WhiteElo "2415"]
[BlackElo "2380"]
[Annotator "Blatny,P"]
[PlyCount "52"]
[EventDate "1991.06.10"]
[EventType "tourn"]
[EventRounds "11"]
[EventCountry "NED"]
[EventCategory "9"]
[SourceTitle "CBM 026"]
[Source "ChessBase"]
[SourceDate "1992.02.01"]
[SourceVersion "1"]
[SourceVersionDate "1992.02.01"]
[SourceQuality "1"]

1. e4 c5 2. c3 d5 3. exd5 Qxd5 4. d4 e6 5. Nf3 Nf6 6. Be3 {/\dc5} cxd4 7. cxd4
{--> Motiv IP; ChessBase: Alapin B22} Be7 8. Nc3 Qd6 9. Bd3 Nc6 {/\Nb4-d5} 10.
a3 (10. Rc1 Nb4 11. Bb1 O-O 12. O-O (12. a3 $5) 12... Bd7 13. Ne5 Bc6 (13...
Rac8 14. Qf3 $40) 14. Bf4 Qd8 15. a3 Nbd5 $14 {Chandler-Petursson, London 1979}
) 10... O-O 11. O-O (11. Qe2 $5 {TN /\Rd1,Bb1 ->>>}) 11... Nd5 (11... b6 12.
Qe2 (12. Re1 Bb7 13. Bc2 Rfd8 14. Qd3 g6 15. Rad1 Rac8 16. h4 a6 17. Bg5 Qc7
$10 {Makropoulos-Conquest, 1987}) (12. Ne4 $6 Nxe4 13. Bxe4 Bb7 14. Ne5 Rad8
15. Re1 Nxe5 16. Bxb7 Nc4 $15 {Makropoulos-Gufeld, Athens 1985}) 12... Bb7 13.
Rad1 (13. Rfd1 Rfd8 14. Rac1 Rac8 $10) 13... Rac8 (13... Rad8 14. Bb1 Nd5 (
14... Rfe8 15. Rfe1 Qb8 16. Ng5 $36) 15. Ne4 $14) 14. Rfe1 Nd5 $2 (14... Rfd8
15. Bg5 g6 16. Bb1 Nd5 17. Ne4 Qc7 18. Ba2 Bxg5 19. Nexg5 $36 {Yurtaev-Tal,
Moscow 1979}) 15. Nxd5 exd5 (15... Qxd5 16. Bc4 Qh5 17. d5 Na5 18. Ba2 Bxd5 19.
Bxd5 exd5 20. Bxb6 axb6 21. Qxe7 $18) 16. Ne5 Nxe5 17. Bf4 Qd7 18. dxe5 Qe6 19.
Qf3 Rfe8 20. Qg3 $40 {Rosentalis-Mikhalchishin, Trnava 1988}) (11... Rd8 12.
Bc2 b6 13. Qd3 Bb7 14. Rad1 g6 $13) 12. Ne4 Qd8 13. Rc1 (13. Bg5 $5) 13... Bd7
14. Bb1 Nxe3 15. fxe3 Rc8 16. Qe1 a5 17. Qg3 h6 18. Nd6 Rb8 19. Nc4 Be8 20. Qf4
Rc8 21. Qe4 g6 22. Nce5 Nxe5 23. Nxe5 Rxc1 24. Rxc1 Qb6 25. Nc4 Qc7 26. Rc3 Bc6
1/2-1/2

[Event "Hamburg SKA"]
[Site "Hamburg"]
[Date "1991.06.30"]
[Round "4"]
[White "Mueller, Karsten"]
[Black "Lobron, Eric"]
[Result "0-1"]
[WhiteElo "2425"]
[BlackElo "2545"]
[Annotator "Blatny,P"]
[PlyCount "94"]
[EventDate "1991.06.27"]
[EventType "tourn"]
[EventRounds "13"]
[EventCountry "GER"]
[EventCategory "11"]
[SourceTitle "CBM 024"]
[Source "ChessBase"]
[SourceDate "1991.10.01"]
[SourceVersion "1"]
[SourceVersionDate "1991.10.01"]
[SourceQuality "1"]

1. e4 c6 2. d4 d5 3. exd5 cxd5 4. c4 Nf6 5. Nc3 e6 6. Nf3 Bb4 7. cxd5 Nxd5 8.
Bd2 Nc6 9. Bd3 Nf6 10. O-O (10. a3 Be7 11. Bg5 O-O 12. O-O {--> D42}) 10... Be7
11. Bg5 (11. Qe2 O-O 12. Rad1 Nb4 13. Bb1 b6 14. Rfe1 Bb7 $10 {Suba-Petrosian
Las Palmas (izt) 1982}) 11... O-O 12. Rc1 (12. Re1 Bd7 (12... b6 13. a3 Bb7 14.
Bc2 Rc8 15. Qd3 g6 16. Bh6 Re8 17. Rad1 Nd5 18. h4 $1 $40) 13. Rc1 Rc8 14. Bb1
Re8 15. Ne5 Nxe5 16. dxe5 Nd5 17. Bxe7 Nxe7 18. Qh5 Nf5 19. Rcd1 $14 {
Portisch-Petrosian, Habana(ol) 1964}) 12... Bd7 13. Bb1 Nd5 14. Qd3 g6 15. Bh6
Re8 16. Ne4 Qb6 17. Qd2 Rac8 18. h4 Qa5 19. Qe2 Nf6 20. Nc3 Bf8 21. Bxf8 Rxf8
22. Rcd1 Rfd8 23. Qe3 Be8 24. Be4 Qh5 25. Qf4 Kg7 26. Rfe1 Qg4 27. Qe3 b6 28.
g3 Qh5 29. Ng5 Nxe4 30. Qxe4 h6 31. Nf3 Ne7 32. g4 Qa5 33. Ne5 Nd5 34. g5 h5
35. Qf3 Nxc3 36. bxc3 Qxc3 37. Qf6+ Kg8 38. Re3 Qc2 39. Rde1 Rxd4 40. Rf3 Rc7
41. Nxf7 Rg4+ 42. Kh2 Rxh4+ 43. Kg3 Rg4+ 44. Kh3 Rxf7 45. Qxe6 Kg7 46. Rf6 Rxg5
47. Qxe8 Qc3+ 0-1

[Event "New York CITS"]
[Site "New York"]
[Date "1996.??.??"]
[Round "11"]
[White "Benjamin, Joel"]
[Black "Wolff, Patrick G"]
[Result "1-0"]
[WhiteElo "2570"]
[BlackElo "2565"]
[Annotator "Blatny,P"]
[PlyCount "53"]
[EventDate "1996.03.??"]
[EventType "tourn"]
[EventRounds "11"]
[EventCountry "USA"]
[EventCategory "13"]
[SourceTitle "CBM 052"]
[Source "ChessBase"]
[SourceDate "1996.06.01"]
[SourceVersion "1"]
[SourceVersionDate "1996.06.01"]
[SourceQuality "1"]

1. e4 {Ftacnik} c5 2. c3 Nf6 3. e5 Nd5 4. d4 cxd4 5. Nf3 Nc6 6. Bc4 Nb6 7. Bb3
d6 8. exd6 Qxd6 9. O-O Be6 10. Na3 Bxb3 11. Qxb3 Qd5 12. Nb5 Rc8 13. Nfxd4 Nxd4
14. Nxd4 e6 (14... Qxb3 15. axb3 a6 16. b4 e6 17. b5 axb5 18. Nxb5 $14 {
1-0 Blauert,J-Naumann,F/Dortmund op-A (07) ;TD 92\03 1992}) 15. Rd1 (15. Be3
Bc5 16. Rfd1 O-O 17. Nb5 Qxb3 18. axb3 Bxe3 19. fxe3 a6 20. Nd6 $14 {Sermek,
D-Orlov,K/JUG-Cup f Pula (01) ;TD 91\07 1991/1/2-1/2 (78)}) 15... Bc5 (15...
Qxb3 16. axb3 a6 17. b4 Nd5 18. b5 axb5 19. Nxb5 Bc5 $10 {1/2-1/2 Pirrot,
D-Arnold,L/BL2-S 9192 (1991) ;BL2 1992}) (15... Be7 16. Be3 Nc4 17. Nb5 Qf5 18.
Nxa7 Nxe3 19. Nxc8 Nxd1 20. Rxd1 Qe4 21. Qb6 Qc6 22. Nd6+ Bxd6 23. Rxd6 $18 {
1-0 Doncevic,D-Juhnke,K/BL 8485 (1985) ;BL 1985}) 16. Qb5+ (16. Nb5 Qxb3 17.
axb3 a6 18. b4 (18. Nd6+ Bxd6 19. Rxd6 Nd5 $13 {1-0 Kamsky,G-Tukmakov,V/
Reykjavik op (04) ;EXP 18 1990}) 18... axb5 19. bxc5 Na4 $13 {Sariego,W-Browne,
W/Linares NL ;EXP 33 1992/1/2-1/2 (62)}) 16... Ke7 17. Qe2 Rhd8 18. Be3 (18.
Qg4 Bxd4 19. Rxd4 Qe5 20. Bg5+ f6 21. Bf4 Qf5 22. Qxg7+ Ke8 23. Bd6 {1-0
Tzermiadianos,And-Kalesis,N/Hania op (06) ;EXP 36 1993}) 18... Qe5 19. Qg4 Kf8
20. Bf4 h5 $2 {[#]} (20... Qd5 $14) 21. Qh4 Qd5 (21... g5 22. Bxg5 Rd5 $18) (
21... Qf6 {Ftacnik} 22. Bg5 $18) 22. Nxe6+ fxe6 (22... Qxe6 23. Rxd8+ Rxd8 24.
Qxd8+ Qe8 $18) 23. Rxd5 $18 Rxd5 24. Be3 Nd7 (24... Bxe3 {Ftacnik} 25. fxe3 Nc4
26. Rf1+ $18) 25. Bxc5+ Nxc5 26. c4 Rf5 27. Rd1 1-0